Essentials Of Economic Theory (Record no. 43460)

MARC details
000 -LEADER
fixed length control field 00417nam a22001697a 4500
005 - DATE AND TIME OF LATEST TRANSACTION
control field 20250328113150.0
008 - FIXED-LENGTH DATA ELEMENTS--GENERAL INFORMATION
fixed length control field 250328b |||||||| |||| 00| 0 eng d
020 ## - INTERNATIONAL STANDARD BOOK NUMBER
International Standard Book Number 9789361389467
041 ## - LANGUAGE CODE
Language code of text/sound track or separate title eng
082 ## - DEWEY DECIMAL CLASSIFICATION NUMBER
Classification number 330 CLA
100 ## - MAIN ENTRY--PERSONAL NAME
Author Clark, Bates John
245 ## - TITLE STATEMENT
Title Essentials Of Economic Theory
260 ## - PUBLICATION, DISTRIBUTION, ETC.
Place New Dehli
Publisher Lector House
Publication Year 2025
300 ## - PHYSICAL DESCRIPTION
Extent 316;. pages: 24 cm
650 ## - SUBJECT ADDED ENTRY--TOPICAL TERM
Subject Economics
942 ## - ADDED ENTRY ELEMENTS (KOHA)
Koha item type Books
Holdings
Withdrawn status Lost status Source of classification or shelving scheme Damaged status Not for loan Home library Current library Shelving location Accession Date Vendor Price Bill number Full call number Barcode No Date last seen Discount Bill Date Koha item type Suggested By
    Dewey Decimal Classification     IMTN IMTN Rack 5-B 03/24/2025 Raghav Books Private Limited 2995.00 2374 330 CLA 33751 03/28/2025 33 02/14/2025 Books Dr. Veena Pailwar
Designed & Maintained by: LRC IMT Nagpur Contact: lrc@imtnag.ac.in© 2024. All Rights Reserved.